000 00523nam a2200205 a 4500
001 5189
003 CO-ViMGA
008 141112s2004 ck r 000 u spa d
040 _aCO-ViMGA
_bspa
_cCO-ViMGA
082 0 4 _a631 D434
100 1 _aDiehl, R
_93497
245 1 0 _aFitotecnia general /
_cMateo Box J.M.
260 _aMadrid :
_bMundi - Prensa,
_c1988
300 _a814 p
650 1 4 _aFERTILIZACION
_93498
650 1 4 _aFITOTECNIA
_93499
650 1 4 _aJ.M., Mateo Box
_93500
650 1 4 _aSUELOS
942 _2ddc
_cBK
999 _c17190
_d17190